000 00497nam a2200193 a 4500
001 1762256540565
003 ACL
005 20251104171501.0
008 251104s2004##################000#0#eng##
020 _a9781403935779
082 0 4 _a658.3045
_bFUR
100 1 _aFurnham, Adrian,
_eauthor.
245 1 0 _aThe Dark Side of Behaviour at Work :
260 _bPalgrave Macmillan,
_c2004.
300 _a300 pages
650 0 _aBusiness & Economics.
942 _cENGLISH
040 _aACL
_beng
_cACL
999 _c595673
_d595673